[Event "HUN-chT2 Charousek 0405"]
[Site "Hungary"]
[Date "2005.04.10"]
[Round "10"]
[White "Szakall, Tamas"]
[Black "Bardossi, Jeno"]
[Result "1-0"]
[WhiteElo "2224"]
[BlackElo "2205"]
[PlyCount "77"]
[EventDate "2004.09.26"]
[EventType "team-tourn"]
[EventRounds "11"]
[EventCountry "HUN"]
[SourceTitle "EXT 2008"]
[Source "ChessBase"]
[SourceDate "2007.11.25"]
[SourceVersion "1"]
[SourceVersionDate "2007.11.25"]
[SourceQuality "1"]
[WhiteTeam "Taban Spartacus"]
[BlackTeam "Csuti II"]
[WhiteTeamCountry "HUN"]
[BlackTeamCountry "HUN"]

1. e4 c5 2. Nc3 Nc6 3. g3 g6 4. Bg2 Bg7 5. d3 e6 6. Be3 Nd4 7. Nce2 Ne7 8. Qd2 d6 9. c3 Nxe2 10. Nxe2 Rb8 11. 0-0 b6 12. Bh6 0-0 13. Bxg7 Kxg7 14. d4 Ba6 15. Rfe1 Qc7 16. Rad1 Rfd8 17. Qg5 e5 18. Bh3 h6 19. Qe3 Bc8 20. Bxc8 Rbxc8 21. f4 f6 22. Kh1 Qb7 23. d5 Qd7 24. Qf3 Rh8 25. g4 h5 26. Rg1 h4 27. h3 g5 28. fxg5 fxg5 29. Qe3 Kh6 30. Rgf1 Rcf8 31. Rf5 Nxf5 32. gxf5 Qa4 33. Rf1 Rf6 34. Ng1 Kg7 35. Nf3 Kf7 36. Nxg5+ Ke7 37. Qf3 Qc2 38. Rg1 Rg8 39. Qh5 1-0

[Event "Tapolca Evadnyito op"]
[Site "Budapest"]
[Date "2005.01.12"]
[Round "6"]
[White "Szakall, Tamas"]
[Black "Keschitz, Gyorgy"]
[Result "1-0"]
[WhiteElo "2224"]
[BlackElo "2204"]
[PlyCount "49"]
[EventDate "2005.01.07"]
[EventType "swiss"]
[EventRounds "9"]
[EventCountry "HUN"]
[SourceTitle "EXT 2008"]
[Source "ChessBase"]
[SourceDate "2007.11.25"]
[SourceVersion "1"]
[SourceVersionDate "2007.11.25"]
[SourceQuality "1"]

1. e4 Nf6 2. e5 Nd5 3. c4 Nb6 4. c5 Nd5 5. Bc4 e6 6. Nc3 Nxc3 7. dxc3 Nc6 8. Bf4 Bxc5 9. Qg4 Kf8 10. Nf3 d5 11. 0-0-0 Qe8 12. Bd3 Ne7 13. Bg5 Bd7 14. h4 h5 15. Qf4 c6 16. g4 hxg4 17. Qxg4 Nf5 18. Rdg1 Bxf2 19. Rg2 Bb6 20. Bxf5 exf5 21. Be7+ Kxe7 22. Qg5+ Ke6 23. Qxg7 Be3+ 24. Kb1 Qe7 25. Rg6+ 1-0

[Event "Tapolca Evadnyito op"]
[Site "Budapest"]
[Date "2005.01.11"]
[Round "5"]
[White "Pesztericz, Laszlo"]
[Black "Szakall, Tamas"]
[Result "0-1"]
[WhiteElo "2295"]
[BlackElo "2224"]
[PlyCount "78"]
[EventDate "2005.01.07"]
[EventType "swiss"]
[EventRounds "9"]
[EventCountry "HUN"]
[SourceTitle "EXT 2008"]
[Source "ChessBase"]
[SourceDate "2007.11.25"]
[SourceVersion "1"]
[SourceVersionDate "2007.11.25"]
[SourceQuality "1"]

1. e4 e5 2. Nf3 Nc6 3. Bc4 Bc5 4. c3 Nf6 5. d4 exd4 6. cxd4 Bb4+ 7. Bd2 Bxd2+ 8. Nbxd2 d5 9. exd5 Nxd5 10. 0-0 0-0 11. Qb3 Na5 12. Qc2 Nxc4 13. Nxc4 Qf6 14. Qe4 c6 15. Ne3 Be6 16. Rfe1 Rad8 17. Qe5 Qxe5 18. dxe5 Nxe3 19. Rxe3 Rd5 20. h3 h6 21. a3 Rfd8 22. Rc1 c5 23. Kh2 b5 24. b4 c4 25. Ng1 Rd2 26. Ne2 a6 27. a4 Rb2 28. axb5 axb5 29. Ra1 Rxb4 30. Nf4 Rb2 31. Nxe6 fxe6 32. f4 Rf8 33. Kg3 b4 34. Ra6 c3 35. Rd3 c2 36. Rc6 Rf7 37. f5 Rxf5 38. Rd7 Rb3+ 39. Kh4 Rc3 0-1

[Event "HUN-chT 0304"]
[Site "Hungary"]
[Date "2004.03.21"]
[Round "9"]
[White "Papp, Gabor"]
[Black "Szakall, Tamas"]
[Result "1-0"]
[WhiteElo "2376"]
[BlackElo "2213"]
[PlyCount "135"]
[EventDate "2003.09.28"]
[EventType "team-tourn"]
[EventRounds "11"]
[EventCountry "HUN"]
[SourceTitle "EXT 2006"]
[Source "ChessBase"]
[SourceDate "2005.11.24"]
[SourceVersion "1"]
[SourceVersionDate "2005.11.24"]
[SourceQuality "1"]

1. e4 e5 2. Nf3 Nc6 3. Bb5 a6 4. Ba4 Nf6 5. 0-0 Be7 6. Re1 b5 7. Bb3 d6 8. c3 0-0 9. h3 Na5 10. Bc2 c5 11. d4 Qc7 12. Nbd2 cxd4 13. cxd4 Bb7 14. Nf1 Rac8 15. Bd3 d5 16. dxe5 Nxe4 17. Be3 f5 18. Bd4 Nc6 19. Rc1 Qd7 20. Ne3 Qe6 21. Nc2 Kh8 22. Qe2 Nxd4 23. Ncxd4 Qb6 24. Rxc8 Bxc8 25. Nb3 Bd7 26. Qe3 Bd8 27. Nfd4 Bg5 28. f4 Bh4 29. Re2 Bd8 30. Rc2 g5 31. e6 gxf4 32. Qxf4 Bg5 33. Qf3 Be8 34. Bxe4 dxe4 35. Qc3 Bf6 36. Qe3 Bg6 37. Nxf5 Qxe6 38. Nh4 Bg7 39. Re2 Rc8 40. Nc5 Qxa2 41. Nxg6+ hxg6 42. Nxe4 Qd5 43. Qf3 Rf8 44. Qg4 Be5 45. Re1 Kg7 46. Rd1 Qc6 47. Ng5 Rf5 48. Qh4 Kf6 49. Nf3+ Ke6 50. Qh7 Rxf3 51. gxf3 Bh2+ 52. Kxh2 Qc2+ 53. Kg3 Qxd1 54. Qxg6+ Ke7 55. Qe4+ Kf6 56. Qf4+ Kg6 57. Qe3 Kf5 58. h4 Qh1 59. Qg5+ Ke6 60. Qg6+ Ke5 61. f4+ Kd5 62. h5 Qg1+ 63. Kh4 Qf2+ 64. Kg5 Qg2+ 65. Kh6 Qxb2 66. f5 a5 67. f6 a4 68. Kh7 1-0

[Event "HUN-chT 0304"]
[Site "Hungary"]
[Date "2004.02.22"]
[Round "8"]
[White "Pergel, Laszlo"]
[Black "Szakall, Tamas"]
[Result "1-0"]
[WhiteElo "2343"]
[BlackElo "2213"]
[PlyCount "71"]
[EventDate "2003.09.28"]
[EventType "team-tourn"]
[EventRounds "11"]
[EventCountry "HUN"]
[SourceTitle "EXT 2006"]
[Source "ChessBase"]
[SourceDate "2005.11.24"]
[SourceVersion "1"]
[SourceVersionDate "2005.11.24"]
[SourceQuality "1"]

1. e4 e5 2. Nf3 Nc6 3. d4 exd4 4. Nxd4 Nf6 5. Nxc6 bxc6 6. e5 Qe7 7. Qe2 Nd5 8. c4 Ba6 9. b3 g6 10. g3 Bg7 11. Bb2 0-0 12. Bg2 Rae8 13. 0-0 f6 14. Ba3 Nb4 15. Qd2 c5 16. Nc3 fxe5 17. Nd5 Qd8 18. Nxb4 cxb4 19. Bxb4 d6 20. Rad1 Qb8 21. Bc6 Rd8 22. Qd5+ Kh8 23. Bd2 Bc8 24. Be3 Bh3 25. Rfe1 Bg4 26. Qa5 Bxd1 27. Rxd1 Qc8 28. Bxa7 Qf5 29. Qd5 Bh6 30. a4 Rb8 31. Qd3 Qxd3 32. Rxd3 Bc1 33. Bxb8 Rxb8 34. a5 Ba3 35. Rd5 Bc5 36. Rxc5 1-0

[Event "HUN-chT 0304"]
[Site "Hungary"]
[Date "2003.12.07"]
[Round "5"]
[White "Szakall, Tamas"]
[Black "Binder, Tamas"]
[Result "1-0"]
[WhiteElo "2213"]
[BlackElo "2266"]
[PlyCount "77"]
[EventDate "2003.09.28"]
[EventType "team-tourn"]
[EventRounds "11"]
[EventCountry "HUN"]
[SourceTitle "EXT 2005"]
[Source "ChessBase"]
[SourceDate "2004.11.15"]
[SourceVersion "1"]
[SourceVersionDate "2004.11.15"]
[SourceQuality "1"]

1. e4 c6 2. d4 d5 3. Nc3 dxe4 4. Nxe4 Bf5 5. Ng3 Bg6 6. h4 h6 7. Nf3 Nd7 8. h5 Bh7 9. Bd3 Bxd3 10. Qxd3 Ngf6 11. Bd2 Qc7 12. 0-0-0 0-0-0 13. Ne4 Nxe4 14. Qxe4 e6 15. Kb1 Nf6 16. Qe2 c5 17. dxc5 Bxc5 18. Bc3 Rxd1+ 19. Rxd1 Rd8 20. Rxd8+ Qxd8 21. Ne5 Ne4 22. Be1 Qd5 23. Nd3 Be7 24. f3 Nd6 25. Qe5 Qxe5 26. Nxe5 Bf6 27. Nd3 Nf5 28. Bf2 Bd4 29. Bxd4 Nxd4 30. c3 Ne2 31. g4 Ng1 32. Ne1 g6 33. g5 Nh3 34. gxh6 Ng5 35. hxg6 fxg6 36. Nd3 Nf7 37. h7 Kd8 38. Nf4 Nh8 39. Nxe6+ 1-0

[Event "HUN-chT 0304"]
[Site "Hungary"]
[Date "2003.09.28"]
[Round "1"]
[White "Szakall, Tamas"]
[Black "Torma, Robert"]
[Result "1/2-1/2"]
[WhiteElo "2213"]
[BlackElo "2179"]
[PlyCount "65"]
[EventDate "2003.09.28"]
[EventType "team-tourn"]
[EventRounds "11"]
[EventCountry "HUN"]
[SourceTitle "EXT 2005"]
[Source "ChessBase"]
[SourceDate "2004.11.15"]
[SourceVersion "1"]
[SourceVersionDate "2004.11.15"]
[SourceQuality "1"]

1. e4 c5 2. Nc3 Nc6 3. g3 g6 4. Bg2 Bg7 5. d3 d6 6. Be3 Rb8 7. Qd2 b5 8. Nge2 b4 9. Nd1 Nd4 10. 0-0 e6 11. Nc1 Ne7 12. a3 a5 13. axb4 axb4 14. c3 bxc3 15. bxc3 Ndc6 16. Bh6 0-0 17. Ne2 Qb6 18. Bxg7 Kxg7 19. Ne3 Bd7 20. d4 cxd4 21. cxd4 Qb2 22. Rfd1 Qxd2 23. Rxd2 Ra8 24. Rc1 Ra6 25. d5 exd5 26. Nxd5 Nxd5 27. Rxd5 Ne7 28. Rdd1 Rc8 29. e5 Rxc1 30. Nxc1 Ba4 31. Rxd6 Rxd6 32. exd6 Nc8 33. Nd3 1/2-1/2

[Event "HUN-chT2 Charousek 0203"]
[Site "Hungary"]
[Date "2002.10.13"]
[Round "2.9"]
[White "Kele, Janos"]
[Black "Szakall, Tamas"]
[Result "1/2-1/2"]
[WhiteElo "2150"]
[BlackElo "2219"]
[PlyCount "120"]
[EventDate "2002.09.22"]
[EventType "team-tourn"]
[EventRounds "11"]
[EventCountry "HUN"]
[SourceTitle "EXT 2004"]
[Source "ChessBase"]
[SourceDate "2003.11.25"]
[SourceVersion "1"]
[SourceVersionDate "2003.11.25"]
[SourceQuality "1"]
[WhiteTeam "Szenna Pack"]
[BlackTeam "Taban Spartacus"]
[WhiteTeamCountry "HUN"]
[BlackTeamCountry "HUN"]

1. e4 e5 2. Nf3 Nc6 3. d4 exd4 4. Bc4 Bc5 5. c3 Nf6 6. e5 d5 7. Bb5 Ne4 8. cxd4 Bb6 9. Nc3 0-0 10. h3 Bf5 11. 0-0 Qd7 12. Nh4 Be6 13. Qd3 f6 14. exf6 Rxf6 15. Nxe4 dxe4 16. Qxe4 Qxd4 17. Bxc6 bxc6 18. Qxd4 Bxd4 19. Nf3 c5 20. Nxd4 cxd4 21. Rd1 c5 22. b4 cxb4 23. Rxd4 a5 24. Bg5 Rf5 25. f4 Rc5 26. Rd2 Rac8 27. Re1 Kf7 28. g4 h6 29. Bh4 Rc2 30. Ree2 Rxd2 31. Rxd2 a4 32. Bf2 Bxa2 33. Rxa2 b3 34. Rxa4 b2 35. Rb4 Rc1+ 36. Kg2 b1Q 37. Rxb1 Rxb1 38. Be3 Ke6 39. Bd4 g6 40. Bg7 h5 41. gxh5 gxh5 42. Be5 Rb3 43. Bg7 Kf5 44. Bh6 Ke4 45. Bg5 Ra3 46. h4 Kf5 47. Kf2 Kg4 48. Ke2 Ra2+ 49. Ke3 Ra1 50. Kf2 Ra3 51. Ke2 Kf5 52. Kf2 Ke4 53. Kg2 Ra2+ 54. Kg3 Rc2 55. Bh6 Rc1 56. Kf2 Kf5 57. Bg5 Kg4 58. Ke3 Re1+ 59. Kd3 Kf5 60. Kd4 Re4+ 1/2-1/2

[Event "HUN-chT2 0102"]
[Site "Hungary"]
[Date "2002.03.24"]
[Round "9"]
[White "Ladanyi, Tibor"]
[Black "Szakall, Tamas"]
[Result "1-0"]
[WhiteElo "2267"]
[BlackElo "2173"]
[PlyCount "59"]
[EventDate "2001.??.??"]
[EventType "team-tourn"]
[EventRounds "11"]
[EventCountry "HUN"]
[SourceTitle "EXT 2004"]
[Source "ChessBase"]
[SourceDate "2003.11.25"]
[SourceVersion "1"]
[SourceVersionDate "2003.11.25"]
[SourceQuality "1"]

1. d4 Nf6 2. c4 g6 3. Nc3 d5 4. Nf3 Bg7 5. cxd5 Nxd5 6. Na4 0-0 7. e4 Nb6 8. Be2 Bg4 9. Be3 Nc6 10. d5 Ne5 11. Bd4 Nxf3+ 12. gxf3 Bxd4 13. Qxd4 Bh3 14. Nc3 c6 15. 0-0-0 cxd5 16. exd5 Bf5 17. b3 Rc8 18. Kb2 Qc7 19. Rd2 Rfd8 20. Nb5 Qd7 21. Nxa7 Qxd5 22. Nxc8 Rxc8 23. Qxd5 Nxd5 24. Bc4 Nf4 25. a4 Kg7 26. Kc3 e5 27. Rhd1 Rc7 28. Kb4 e4 29. fxe4 Bxe4 30. Rd7 1-0

[Event "HUN-chT2 0102"]
[Site "Hungary"]
[Date "2002.02.10"]
[Round "7"]
[White "Szakall, Tamas"]
[Black "Karacsony, Attila"]
[Result "1-0"]
[WhiteElo "2173"]
[BlackElo "2298"]
[PlyCount "171"]
[EventDate "2001.??.??"]
[EventType "team-tourn"]
[EventRounds "11"]
[EventCountry "HUN"]
[SourceTitle "EXT 2004"]
[Source "ChessBase"]
[SourceDate "2003.11.25"]
[SourceVersion "1"]
[SourceVersionDate "2003.11.25"]
[SourceQuality "1"]

1. e4 c5 2. Nc3 Nc6 3. g3 g6 4. Bg2 Bg7 5. d3 d6 6. Be3 Rb8 7. Qd2 b5 8. f4 b4 9. Nd1 e5 10. Nf3 exf4 11. Bxf4 Nge7 12. Bh6 0-0 13. Bxg7 Kxg7 14. 0-0 f6 15. Ne3 d5 16. exd5 Nxd5 17. Nxd5 Qxd5 18. Ng5 Qd4+ 19. Kh1 Ne5 20. Ne4 Bb7 21. Rae1 Bxe4 22. Rxe4 Qxb2 23. Qe3 Rbc8 24. Rh4 g5 25. Re4 Ng6 26. h4 f5 27. Re6 gxh4 28. gxh4 Qd4 29. Qxd4+ cxd4 30. h5 Kf7 31. Ra6 Ne7 32. Rxa7 Kf6 33. Re1 Rf7 34. Re2 Ng8 35. Ra6+ Kg5 36. Bd5 Rf6 37. Rg2+ Kxh5 38. Ra7 Nh6 39. Rxh7 Re8 40. Bf3+ Kh4 41. Kg1 Ree6 42. Rhg7 Re1+ 43. Kf2 Rh1 44. Rh7 Rc1 45. Rh2+ Kg5 46. Rh5+ Kf4 47. R7xh6 Rxc2+ 48. Be2 Rxh6 49. Rxh6 Rxa2 50. Rb6 Rb2 51. Rb5 b3 52. Rd5 Rc2 53. Rxd4+ Ke5 54. Rb4 b2 55. Ke3 f4+ 56. Kf3 Kd5 57. d4 Rd2 58. Ba6 Rxd4 59. Rxb2 Ke5 60. Rb3 Rd8 61. Bc4 Rf8 62. Bd3 Kd4 63. Be4 Ke5 64. Rb5+ Kd4 65. Bf5 Kc4 66. Ra5 Kd4 67. Kxf4 Rf7 68. Ra1 Rf8 69. Rd1+ Kc4 70. Ke4 Re8+ 71. Kf3 Rf8 72. Kf4 Rf7 73. Ke5 Re7+ 74. Be6+ Kc3 75. Rh1 Re8 76. Rh3+ Kb4 77. Rb3+ Ka4 78. Rb1 Rh8 79. Kd4 Rh4+ 80. Kc5 Rh5+ 81. Bd5 Ka3 82. Rb8 Rh4 83. Rb3+ Ka4 84. Rg3 Rh5 85. Re3 Rg5 86. Re2 1-0

[Event "HUN-chT2 0102"]
[Site "Hungary"]
[Date "2002.01.13"]
[Round "5"]
[White "Hajdu, Lajos"]
[Black "Szakall, Tamas"]
[Result "0-1"]
[WhiteElo "2261"]
[BlackElo "2173"]
[PlyCount "78"]
[EventDate "2001.??.??"]
[EventType "team-tourn"]
[EventRounds "11"]
[EventCountry "HUN"]
[SourceTitle "EXT 2004"]
[Source "ChessBase"]
[SourceDate "2003.11.25"]
[SourceVersion "1"]
[SourceVersionDate "2003.11.25"]
[SourceQuality "1"]

1. e4 e5 2. Nf3 Nc6 3. Bb5 a6 4. Bxc6 dxc6 5. 0-0 Bg4 6. h3 h5 7. d3 Qf6 8. Nbd2 Bd6 9. Re1 Ne7 10. d4 Bxf3 11. Nxf3 0-0-0 12. Qe2 Qe6 13. Ng5 Qf6 14. Qc4 exd4 15. e5 Bxe5 16. f4 Bxf4 17. Nxf7 Nd5 18. Nxh8 Rxh8 19. Bxf4 Qxf4 20. Qf1 Qg5 21. Qf3 Ne3 22. Re2 c5 23. c3 Rd8 24. b4 Nd5 25. bxc5 Nxc3 26. Rb2 Qd5 27. Rf1 d3 28. Qxd5 Rxd5 29. Rd2 Ne4 30. Rdd1 d2 31. c6 bxc6 32. g4 hxg4 33. hxg4 Nc3 34. Kg2 Nxd1 35. Rxd1 Kd7 36. Kg3 Kd6 37. Kh4 c5 38. g5 c4 39. Kh5 c3 0-1

[Event "HUN-ch U20"]
[Site "Paks"]
[Date "1999.04.01"]
[Round "6"]
[White "Szakall, Tamas"]
[Black "Kerek, Krisztian"]
[Result "1/2-1/2"]
[WhiteElo "2149"]
[BlackElo "2345"]
[PlyCount "127"]
[EventDate "1999.03.27"]
[EventType "tourn"]
[EventRounds "9"]
[EventCountry "HUN"]
[SourceTitle "EXT 2004"]
[Source "ChessBase"]
[SourceDate "2003.11.25"]
[SourceVersion "1"]
[SourceVersionDate "2003.11.25"]
[SourceQuality "1"]

1. e4 c5 2. Nc3 a6 3. g3 b5 4. Bg2 Bb7 5. Nge2 e6 6. d4 cxd4 7. Nxd4 Nf6 8. 0-0 b4 9. e5 Bxg2 10. Kxg2 bxc3 11. exf6 Qxf6 12. Qd3 Bc5 13. bxc3 0-0 14. Be3 Rc8 15. Rab1 Ra7 16. Nc6 Nxc6 17. Bxc5 Raa8 18. Bd6 Ne5 19. Bxe5 Qxe5 20. Qxd7 Rc7 21. Qa4 Qxc3 22. Rfd1 g6 23. Qe4 Rac8 24. Rd6 a5 25. Rbd1 Qb2 26. Rd8+ Kg7 27. R1d4 Qb5 28. Rxc8 Rxc8 29. Ra4 Rc5 30. Ra3 Qb4 31. Qxb4 axb4 32. Rb3 Rxc2 33. Rxb4 Rxa2 34. Rb7 Kf6 35. h4 h5 36. Rc7 e5 37. Rb7 Ke6 38. Rb6+ Kf5 39. Rb3 f6 40. Rf3+ Ke6 41. Rb3 Ra6 42. Kf3 Kf5 43. Rc3 Ra8 44. Rb3 g5 45. hxg5 fxg5 46. Rb4 Rh8 47. Rb6 e4+ 48. Ke3 h4 49. gxh4 gxh4 50. f3 h3 51. fxe4+ Kg4 52. Rg6+ Kh5 53. Rg1 h2 54. Rh1 Kg4 55. e5 Kg3 56. Ke4 Kg2 57. Rxh2+ Kxh2 58. e6 Kg3 59. Kf5 Kh4 60. e7 Kh5 61. Kf6 Kh6 62. Kf7 Rh7+ 63. Ke6 Rxe7+ 64. Kxe7 1/2-1/2

[Event "Budapest FS02 FM"]
[Site "Budapest"]
[Date "1999.??.??"]
[Round "?"]
[White "Lakat, Gyula"]
[Black "Szakall, Tamas"]
[Result "0-1"]
[WhiteElo "2062"]
[BlackElo "2149"]
[PlyCount "72"]
[EventDate "1999.02.??"]
[EventType "tourn"]
[EventRounds "9"]
[EventCountry "HUN"]
[SourceTitle "EXT 2004"]
[Source "ChessBase"]
[SourceDate "2003.11.25"]
[SourceVersion "1"]
[SourceVersionDate "2003.11.25"]
[SourceQuality "1"]

1. d4 Nf6 2. c4 g6 3. Nc3 d5 4. cxd5 Nxd5 5. e4 Nxc3 6. bxc3 Bg7 7. Be3 c5 8. Bc4 Nc6 9. Ne2 0-0 10. Rb1 Qc7 11. Qc2 Na5 12. Bb3 Nxb3 13. Qxb3 b6 14. dxc5 bxc5 15. 0-0 Be6 16. c4 a5 17. Nf4 Rab8 18. Nxe6 fxe6 19. Qc2 Bd4 20. Bxd4 cxd4 21. Qd3 e5 22. Rxb8 Rxb8 23. f4 exf4 24. Qxd4 Rd8 25. Qf2 e5 26. c5 Rd4 27. Qc2 Qc6 28. Re1 Kf8 29. g3 g5 30. gxf4 gxf4 31. Re2 Qd7 32. c6 Rd1+ 33. Kf2 Qd4+ 34. Kf3 Rf1+ 35. Kg4 Qd6 36. Qc4 Qg6+ 0-1

[Event "Budapest FS02 FM"]
[Site "Budapest"]
[Date "1999.??.??"]
[Round "?"]
[White "Szakall, Tamas"]
[Black "Balogh, Viktor"]
[Result "1-0"]
[WhiteElo "2149"]
[BlackElo "2145"]
[PlyCount "43"]
[EventDate "1999.02.??"]
[EventType "tourn"]
[EventRounds "9"]
[EventCountry "HUN"]
[SourceTitle "EXT 2004"]
[Source "ChessBase"]
[SourceDate "2003.11.25"]
[SourceVersion "1"]
[SourceVersionDate "2003.11.25"]
[SourceQuality "1"]

1. e4 c5 2. Nc3 e6 3. g3 d5 4. exd5 exd5 5. Bg2 Nf6 6. Nge2 d4 7. Ne4 Nxe4 8. Bxe4 Bd6 9. 0-0 Nc6 10. c3 dxc3 11. dxc3 Bg4 12. Qa4 Bxe2 13. Re1 0-0 14. Rxe2 Qc7 15. Qc2 g6 16. Bh6 Rfe8 17. Rae1 Re6 18. Bxg6 hxg6 19. Rxe6 fxe6 20. Qxg6+ Kh8 21. Bg5 Bf8 22. Re4 1-0

[Event "Budapest FS02 FM"]
[Site "Budapest"]
[Date "1999.??.??"]
[Round "?"]
[White "Szakall, Tamas"]
[Black "Vargyas, Zoltan"]
[Result "1-0"]
[WhiteElo "2149"]
[BlackElo "2165"]
[PlyCount "77"]
[EventDate "1999.02.??"]
[EventType "tourn"]
[EventRounds "9"]
[EventCountry "HUN"]
[SourceTitle "EXT 2004"]
[Source "ChessBase"]
[SourceDate "2003.11.25"]
[SourceVersion "1"]
[SourceVersionDate "2003.11.25"]
[SourceQuality "1"]

1. e4 c5 2. Nc3 Nc6 3. g3 g6 4. Bg2 Bg7 5. d3 Rb8 6. Be3 d6 7. Qd2 b5 8. Nge2 Bd7 9. d4 b4 10. Nd1 cxd4 11. Nxd4 Nf6 12. 0-0 Qc7 13. c3 bxc3 14. Nxc3 Ne5 15. Bh6 Bxh6 16. Qxh6 Qc4 17. Nb3 Neg4 18. Qd2 0-0 19. f4 Qb4 20. Kh1 Bb5 21. Rfe1 Nd7 22. Nd5 Qxd2 23. Nxe7+ Kg7 24. Nxd2 Nc5 25. b3 Nd3 26. Reb1 Ne3 27. a4 Ba6 28. Nc6 Rbc8 29. Nd4 Bb7 30. b4 Rfe8 31. Ra3 Nxg2 32. Kxg2 Nc1 33. b5 f5 34. Nc6 Bxc6 35. bxc6 Rxc6 36. Rb7+ Kf6 37. Nf3 fxe4 38. Ng5 Kf5 39. Rf7+ 1-0

[Event "HUN-ch U18"]
[Site "Paks"]
[Date "1998.??.??"]
[Round "8"]
[White "Kerek, Csaba"]
[Black "Szakall, Tamas"]
[Result "1-0"]
[WhiteElo "2380"]
[BlackElo "2105"]
[PlyCount "51"]
[EventDate "1998.??.??"]
[EventType "tourn"]
[EventRounds "9"]
[EventCountry "HUN"]
[SourceTitle "EXT 2000"]
[Source "ChessBase"]
[SourceDate "1999.11.16"]
[SourceVersion "1"]
[SourceVersionDate "1999.11.16"]
[SourceQuality "1"]

1. d4 Nf6 2. c4 g6 3. Nc3 d5 4. cxd5 Nxd5 5. Na4 Bg7 6. e4 Nb6 7. Be3 Nxa4 8. Qxa4+ Bd7 9. Qc2 Na6 10. Nf3 c5 11. dxc5 Rc8 12. Bc4 Qa5+ 13. Nd2 Ba4 14. Qb1 Nb4 15. 0-0 Nc2 16. b3 Nxe3 17. fxe3 0-0 18. bxa4 Bxa1 19. Nf3 Bg7 20. Ng5 e6 21. Nxf7 Rce8 22. Nd6 Rxf1+ 23. Qxf1 Re7 24. Nc8 Rc7 25. Bxe6+ Kh8 26. Nd6 1-0

[Event "HUN-ch U18"]
[Site "Paks"]
[Date "1998.??.??"]
[Round "2"]
[White "Simon, Nandor"]
[Black "Szakall, Tamas"]
[Result "1/2-1/2"]
[WhiteElo "2110"]
[BlackElo "2105"]
[PlyCount "79"]
[EventDate "1998.??.??"]
[EventType "tourn"]
[EventRounds "9"]
[EventCountry "HUN"]
[SourceTitle "EXT 2000"]
[Source "ChessBase"]
[SourceDate "1999.11.16"]
[SourceVersion "1"]
[SourceVersionDate "1999.11.16"]
[SourceQuality "1"]

1. e4 e5 2. d4 exd4 3. c3 d3 4. Nf3 Nc6 5. Bxd3 Bc5 6. b4 Bb6 7. 0-0 d6 8. Re1 Nf6 9. Bg5 Bg4 10. Nbd2 h6 11. Bh4 0-0 12. Qc2 Qe7 13. e5 Nxe5 14. Nxe5 dxe5 15. Nc4 g5 16. Nxe5 Be6 17. Bg3 Rfe8 18. Re2 Nh5 19. Rae1 Nxg3 20. hxg3 Rad8 21. Ng4 Kg7 22. Bf5 Rd6 23. Bxe6 Rxe6 24. Rxe6 fxe6 25. Qe4 c6 26. Re2 Bc7 27. Qd4+ e5 28. Qe4 Qe6 29. Rd2 Re7 30. f3 Qg6 31. Nf2 Bb6 32. Qxg6+ Kxg6 33. Rd6+ Kg7 34. Kf1 Bc7 35. Rd1 Kf7 36. Ke2 Re8 37. Rd7+ Re7 38. Rd1 Re8 39. Rd7+ Re7 40. Rd1 1/2-1/2

[Event "HUN-chT 9798"]
[Site "Hungary"]
[Date "1998.??.??"]
[Round "?"]
[White "Szakall, Tamas"]
[Black "Csiszar, Zoltan"]
[Result "1/2-1/2"]
[WhiteElo "2125"]
[BlackElo "2215"]
[PlyCount "80"]
[EventDate "1997.??.??"]
[EventType "team-tourn"]
[EventRounds "12"]
[EventCountry "HUN"]
[SourceTitle "EXT 2000"]
[Source "ChessBase"]
[SourceDate "1999.11.16"]
[SourceVersion "1"]
[SourceVersionDate "1999.11.16"]
[SourceQuality "1"]

1. e4 c5 2. Nc3 d6 3. g3 Nc6 4. Bg2 g6 5. d3 Bg7 6. Be3 e6 7. Qd2 Rb8 8. Nge2 Nd4 9. 0-0 b5 10. a3 Ne7 11. Bh6 0-0 12. Bxg7 Kxg7 13. Nxd4 cxd4 14. Ne2 e5 15. f4 f6 16. h3 Bb7 17. g4 Qd7 18. Ng3 Nc6 19. Rf3 Nd8 20. f5 g5 21. h4 h6 22. Nh5+ Kf7 23. Rh3 Ke7 24. hxg5 hxg5 25. Kf2 Nf7 26. Rah1 Rg8 27. Bf3 Rbc8 28. Bd1 a6 29. Qb4 Qc6 30. Qb3 Qd7 31. Nxf6 Kxf6 32. Rh7 Rcf8 33. R1h6+ Ke7 34. Qe6+ Qxe6 35. fxe6 Rh8 36. exf7 Rxh7 37. Rxh7 Rxf7+ 38. Rxf7+ Kxf7 39. c3 Kf6 40. Bb3 Bc6 1/2-1/2

[Event "HUN-chT 9798"]
[Site "Hungary"]
[Date "1998.??.??"]
[Round "?"]
[White "Szakall, Tamas"]
[Black "Horvath, Andras"]
[Result "1/2-1/2"]
[WhiteElo "2125"]
[BlackElo "2260"]
[PlyCount "160"]
[EventDate "1997.??.??"]
[EventType "team-tourn"]
[EventRounds "12"]
[EventCountry "HUN"]
[SourceTitle "EXT 2000"]
[Source "ChessBase"]
[SourceDate "1999.11.16"]
[SourceVersion "1"]
[SourceVersionDate "1999.11.16"]
[SourceQuality "1"]

1. e4 g6 2. d4 Bg7 3. Nc3 c6 4. Bc4 d6 5. Qf3 e6 6. Nge2 Nd7 7. 0-0 Ngf6 8. Bb3 0-0 9. Bg5 Qc7 10. Rad1 a6 11. h3 b5 12. a3 Bb7 13. Qe3 c5 14. f4 b4 15. axb4 cxb4 16. e5 bxc3 17. exf6 Nxf6 18. Nxc3 Rfe8 19. Rfe1 Bc6 20. Qd3 d5 21. Ra1 a5 22. Ba4 Reb8 23. Bxc6 Qxc6 24. Ra2 Rb4 25. Bxf6 Bxf6 26. Ne2 Qb6 27. b3 Bxd4+ 28. Nxd4 Rxd4 29. Qe3 Rb4 30. Qxb6 Rxb6 31. Rea1 Rb5 32. Kf2 Rc8 33. Ke2 Kg7 34. Kd2 Rbc5 35. Rb2 Kf6 36. Ra4 h5 37. g4 hxg4 38. hxg4 g5 39. Rba2 gxf4 40. Rxf4+ Kg6 41. Rfa4 Kg5 42. Rd4 e5 43. Rda4 d4 44. Rxa5 Kxg4 45. Ra7 R8c7 46. Ra8 Kf4 47. b4 Rb5 48. Rb2 Rc4 49. Rf8 Rbxb4 50. Rxf7+ Ke4 51. Ra2 Ra4 52. Rb2 Rcb4 53. Rxb4 Rxb4 54. Rh7 Rc4 55. Rh4+ Kd5 56. Rh3 Rc6 57. Rg3 Rh6 58. Rg2 Kc4 59. Rg8 Rh2+ 60. Kd1 Kd5 61. Rg4 Ke6 62. Rg5 Kf6 63. Rg1 Kf5 64. Rf1+ Ke4 65. Re1+ Kd5 66. Rg1 Rf2 67. Rg4 e4 68. Rg5+ Ke6 69. Rh5 e3 70. Rc5 Rf5 71. Rc8 Ke5 72. Ke2 Rf2+ 73. Ke1 Rd2 74. Re8+ Kd5 75. Rc8 Rh2 76. Kd1 Rh4 77. Ke2 Rh2+ 78. Kd1 Ke4 79. Re8+ Kf3 80. Rf8+ Kg2 1/2-1/2

[Event "HUN-chT 9798"]
[Site "Hungary"]
[Date "1998.??.??"]
[Round "?"]
[White "Szakall, Tamas"]
[Black "Kiss, Fernanda"]
[Result "0-1"]
[WhiteElo "2125"]
[BlackElo "2230"]
[PlyCount "74"]
[EventDate "1997.??.??"]
[EventType "team-tourn"]
[EventRounds "12"]
[EventCountry "HUN"]
[SourceTitle "EXT 2000"]
[Source "ChessBase"]
[SourceDate "1999.11.16"]
[SourceVersion "1"]
[SourceVersionDate "1999.11.16"]
[SourceQuality "1"]

1. e4 c5 2. Nc3 e6 3. Nge2 d5 4. exd5 exd5 5. d4 Nf6 6. Bg5 Be6 7. g3 h6 8. Bxf6 Qxf6 9. Bg2 cxd4 10. Qxd4 Qxd4 11. Nxd4 Nc6 12. 0-0-0 Bc5 13. Nxe6 fxe6 14. Rhe1 Kf7 15. f4 Rhe8 16. Bh3 Bb4 17. Re2 Bxc3 18. bxc3 Rad8 19. Red2 g6 20. g4 g5 21. f5 exf5 22. gxf5 Re3 23. Bg2 Rxc3 24. Bxd5+ Kf6 25. Re1 Ne5 26. Be4 Rxd2 27. Kxd2 Rh3 28. Re2 b6 29. Kc1 h5 30. Rd2 Nc4 31. Rd4 b5 32. Bd3 Rxh2 33. Bxc4 bxc4 34. Rxc4 g4 35. Rc8 g3 36. Rg8 g2 37. Kb2 h4 0-1